00353 a2200109 450000100060000008200110000610000380001724501150005526000410017030000090021150000230022088432 aPR 647 aKamran Sikandar; Zahid Jawed Butt aA Caliberation of supersonic wind tunnel B determination of CD for axially symmetric bodies in supersonic flow aKarachibUniversity of Karachic1970 a75p. aBE Project Reports